Samajik paribartanar samajtattwa (Record no. 9973)
[ view plain ]
| 000 -LEADER | |
|---|---|
| fixed length control field | 00551cam a2200217ua 4500 |
| 008 - FIXED-LENGTH DATA ELEMENTS--GENERAL INFORMATION | |
| fixed length control field | 190808n ii |||gr||||Z||||||asm |
| 020 ## - INTERNATIONAL STANDARD BOOK NUMBER | |
| International Standard Book Number | 9789381784228 |
| 040 ## - CATALOGING SOURCE | |
| Transcribing agency | MAIN |
| 041 ## - LANGUAGE CODE | |
| -- | asm |
| 082 ## - DEWEY DECIMAL CLASSIFICATION NUMBER | |
| Classification number | 303.4 |
| 100 ## - MAIN ENTRY--PERSONAL NAME | |
| Personal name | Himanta Borgohain, |
| Relator term | |
| 245 ## - TITLE STATEMENT | |
| Title | Samajik paribartanar samajtattwa |
| Statement of responsibility, etc. | By Himanta Borgohain |
| 250 ## - EDITION STATEMENT | |
| Edition statement | 4th rev. ed. |
| 260 ## - PUBLICATION, DISTRIBUTION, ETC. | |
| Place of publication, distribution, etc. | Jorhat: |
| Name of publisher, distributor, etc. | Bidya bhawan, |
| Date of publication, distribution, etc. | 2017. |
| 300 ## - PHYSICAL DESCRIPTION | |
| Extent | 275p. |
| 700 ## - ADDED ENTRY--PERSONAL NAME | |
| Personal name | Dhruba Hazarika, |
| Relator term | |
| 942 ## - ADDED ENTRY ELEMENTS (KOHA) | |
| Koha item type | Books |
| 653 ## - INDEX TERM--UNCONTROLLED | |
| Uncontrolled term | Social processes |
| 653 ## - INDEX TERM--UNCONTROLLED | |
| Uncontrolled term | Social change |
| Withdrawn status | Lost status | Damaged status | Not for loan | Home library | Current library | Shelving location | Date acquired | Total Checkouts | Full call number | Barcode | Date last seen | Date last checked out | Copy number | Price effective from | Koha item type |
|---|---|---|---|---|---|---|---|---|---|---|---|---|---|---|---|
| Central Library, Naharkatiya College | Central Library, Naharkatiya College | General Stacks | 19/09/2020 | 1 | 303.4Social change | BOR | 26578 | 14/02/2022 | 10/02/2022 | 1 | 19/09/2020 | Books | ||||
| Central Library, Naharkatiya College | Central Library, Naharkatiya College | General Stacks | 19/09/2020 | 303.4Social change | BOR | 26579 | 19/09/2020 | 2 | 19/09/2020 | Books | ||||||
| Central Library, Naharkatiya College | Central Library, Naharkatiya College | General Stacks | 19/09/2020 | 1 | 303.4Social change | BOR | 26580 | 12/06/2023 | 26/05/2023 | 3 | 19/09/2020 | Books | ||||
| Central Library, Naharkatiya College | Central Library, Naharkatiya College | General Stacks | 19/09/2020 | 303.4Social change | BOR | 26581 | 19/09/2020 | 4 | 19/09/2020 | Books |
